Normal view
MARC view
Entry Personal Name
001 - CONTROL NUMBER
- control field: 3876
003 - CONTROL NUMBER IDENTIFIER
- control field: OSt
005 - DATE AND TIME OF LATEST TRANSACTION
- control field: 20230810122236.0
008 - FIXED-LENGTH DATA ELEMENTS
- fixed length control field: 230810|| aca||aabn | a|a d
040 ## - CATALOGING SOURCE
- Original cataloging agency: OSt
- Transcribing agency: OSt
100 ## - HEADING--PERSONAL NAME
- Personal name: Lombardo, Claire,
- Dates associated with a name: 1988-
670 ## - SOURCE DATA FOUND
- Source citation: Work cat.: (OSt)0: Lombardo, Claire, 1988- aut, To najlepšie v živote